Gaming Quiz

Random Gaming or Nintendo Quiz

Video Game Character by Tattoo Quiz Stats

 Plays Quiz Updated Oct 22, 2017

Challenge
Share
Tweet
Score 0/18 Timer 06:00
6 Plays Today
% Correct
Mario
99.9%
Sonic the Hedgehog
92.2%
Donkey Kong
90.5%
Pikachu
88.7%
Link
84.4%
Kirby
82.1%
Lara Croft
79.2%
Crash Bandicoot
79.1%
Spyro the Dragon
77.6%
% Correct
Ms. Pac-Man
75.3%
Mega Man X
70.1%
Master Chief
68.1%
Ryu
63.1%
Samus Aran
62.6%
Kratos
49.6%
Meat Boy
49.3%
Ness
44.2%
Vault Boy
41.3%

You're not logged in!

Compare scores with friends on all Sporcle quizzes.
OR
Log In

You Might Also Like...

Show Comments

Extras

Top Quizzes Today


Score Distribution

Your Account Isn't Verified!

In order to create a playlist on Sporcle, you need to verify the email address you used during registration. Go to your Sporcle Settings to finish the process.

Report this User

Report this user for behavior that violates our Community Guidelines.

Details: